Estadísticas para Películas de James Bond

Haz click aquí para intentar la prueba.

Estadísticas generales

  • Esta prueba ha sido intentada 757 veces
    (303 desde el último reinicio)
  • La puntuación promedio es 11 de 25

Estadísticas de respuestas

AñoActorPelícula% Correcto
2006Daniel CraigCasino Royale
73%
2012Daniel CraigSkyfall
66%
1962Sean ConneryAgente 007 contra el Dr. No
65%
1995Pierce BrosnanGoldenEye
64%
1964Sean ConneryJames Bond contra Goldfinger
59%
1963Sean ConneryDesde Rusia con amor
53%
1983Roger MooreOctopussy
53%
2008Daniel CraigQuantum of Solace
52%
1997Pierce BrosnanEl mañana nunca muere
50%
2015Daniel CraigSpectre
50%
2002Pierce BrosnanMuere otro día
49%
1979Roger MooreMoonraker
46%
1969George LazenbyAl servicio secreto de Su Majestad
41%
1989Timothy DaltonLicencia para matar
41%
2021Daniel CraigSin tiempo para morir
41%
1977Roger MooreLa espía que me amó
40%
1973Roger MooreVive y deja morir
36%
1974Roger MooreEl hombre de la pistola de oro
35%
1965Sean ConneryOperación Trueno
35%
1971Sean ConneryDiamantes para la eternidad
34%
1999Pierce BrosnanEl mundo nunca es suficiente
34%
1981Roger MooreSólo para sus ojos
34%
1967Sean Connery007: Sólo se vive dos veces
33%
1987Timothy DaltonAlta tensión
30%
1985Roger MoorePanorama para matar
30%

Distribución de puntuación

Porcentaje por número respondido

Porcentaje de gente con cada puntuación

Historial de tus puntuaciones

No has intentado esta prueba desde el último reinicio